00816nam a22002057a 450000500170000001000150001702000270003203500140005903700130007308200110008610000290009724501060012625000060023226000570023827001050029530000340040094200250043499900190045995201320047820240214122637.0 aENG-139227 c2450.00a9789332575721 aEN-122759 bDBAD/PUB a53023 aKnight, Randall D962059 aPhysics For Scientists and Engineers:bA Strategic Approach with Modern Physics/cBy Randall D Knight a3 aUttar PradeshbPearson India Education Pvt Ltdc2022 bUttar Pradesha15th FLoor, Tower-B, World Trade Tower, Plot No.1, Block- C, Sector-16, Noidae201301 axxvii,1435p.c25cm(pb)bIndex 2ddccENh530mKNIe3 c200731d200731 001040708NFICaTNbTNd2024-02-14eDBAD/PUBg2450.00l0o530 KNIpEN-122759r2024-02-14 00:00:00t1v2450.00w2024-02-14yEN